[Event "Cto de Aragon por Equipos Preferente"]
[Site "?"]
[Date "2020.02.01"]
[Round "2.60"]
[White "Planas Torrea, Francisco Javier"]
[Black "Fernandez Rubio, Rafael"]
[Result "0-1"]
[WhiteElo "2079"]
[BlackElo "2063"]
[PlyCount "94"]
[EventDate "2020.??.??"]
[WhiteTeam "Ejea"]
[BlackTeam "Tauste"]

1. e4 g6 2. d4 Bg7 3. c4 c5 4. d5 d6 5. Nc3 Nf6 6. f4 O-O 7. Nf3 Bg4 8. Be2 Na6
9. O-O Nc7 10. h3 Bxf3 11. Bxf3 a6 12. a4 b5 13. axb5 axb5 14. Rxa8 Qxa8 15.
cxb5 Rb8 16. e5 Nfe8 17. Qd3 Qa5 18. Bd2 dxe5 19. d6 exd6 20. Bc6 Qb4 21. Qf3
f5 22. fxe5 Bxe5 23. Bh6 Qd4+ 24. Be3 Qxe3+ 25. Qxe3 Bd4 26. Re1 Nf6 27. Kf1
Bxe3 28. Rxe3 Kf7 29. Na4 c4 30. b6 Ncd5 31. Ra3 Nxb6 32. Nc3 d5 33. Ra5 Ke6
34. Ra6 Kd6 35. Ba4 Kc5 36. Ra5+ Kd4 37. Bc6 Ke3 38. Rb5 d4 39. Na4 Nxa4 40.
Rxb8 Nc5 41. Bb5 Nfe4 42. Rc8 c3 43. bxc3 dxc3 44. Ra8 c2 45. Ra3+ Kd4 46. Ra1
Nd2+ 47. Ke2 Nb1 0-1

[Event "Cto de Aragon por Equipos Preferente"]
[Site "?"]
[Date "2020.02.01"]
[Round "2.61"]
[White "Muro Turon, Raul"]
[Black "Planas Torrea, Alberto"]
[Result "1/2-1/2"]
[WhiteElo "1843"]
[BlackElo "1910"]
[PlyCount "62"]
[EventDate "2020.??.??"]
[WhiteTeam "Tauste"]
[BlackTeam "Ejea"]

1. e4 e5 2. Bc4 Nc6 3. Nc3 Nf6 4. d3 Bc5 5. f4 d6 6. Nf3 O-O 7. Na4 Bb6 8. Nxb6
axb6 9. c3 Qe7 10. O-O h6 11. f5 Na5 12. Bb5 Bd7 13. Bxd7 Qxd7 14. Be3 Nc6 15.
Bf2 Ng4 16. Nh4 Nxf2 17. Rxf2 f6 18. a3 Qf7 19. Ng6 Rfd8 20. Qf3 d5 21. Rd1 Rd7
22. exd5 Qxd5 23. Qxd5+ Rxd5 24. Kf1 Rad8 25. Ke2 Kf7 26. Ke3 Na5 27. Rfd2 Nb3
28. Rf2 Nc5 29. Rfd2 Nb3 30. Rf2 Nc5 31. Rfd2 Nb3 1/2-1/2

[Event "Cto de Aragon por Equipos Preferente"]
[Site "?"]
[Date "2020.02.01"]
[Round "2.62"]
[White "Marcellan Peire, Jesus Eduardo"]
[Black "Solanas Esteban, Hector"]
[Result "1-0"]
[WhiteElo "1883"]
[BlackElo "1646"]
[PlyCount "79"]
[EventDate "2020.??.??"]
[WhiteTeam "Ejea"]
[BlackTeam "Tauste"]

1. Nf3 d5 2. g3 Nf6 3. Bg2 c6 4. d4 Bf5 5. O-O e6 6. Nbd2 Bd6 7. Re1 Nbd7 8. a3
O-O 9. c4 h6 10. c5 Bc7 11. Nh4 Bh7 12. f4 b6 13. b4 bxc5 14. dxc5 a5 15. Bb2
Qb8 16. Qb3 Qb7 17. e4 dxe4 18. Qc3 axb4 19. axb4 Rxa1 20. Bxa1 Rb8 21. Rb1 Qa7
22. Bxe4 Bxe4 23. Nxe4 Be5 24. fxe5 Nxe4 25. Qd4 Ng5 26. Bc3 Qa2 27. Ra1 Nh3+
28. Kh1 Qd5+ 29. Qxd5 exd5 30. Kg2 Ng5 31. Ra7 Ne4 32. Ba1 Nf8 33. Nf5 Ng6 34.
Nd6 Rxb4 35. Nxf7 Rc4 36. e6 Kf8 37. Nd8 Ne7 38. Ra8 g5 39. Nxc6+ Nc8 40. Rxc8#
1-0

[Event "Cto de Aragon por Equipos Preferente"]
[Site "?"]
[Date "2020.02.01"]
[Round "2.63"]
[White "Liarte Marinoso, Aaron"]
[Black "Asin Jimenez, Pedro Jose"]
[Result "1/2-1/2"]
[WhiteElo "1627"]
[BlackElo "1721"]
[PlyCount "52"]
[EventDate "2020.??.??"]
[WhiteTeam "Tauste"]
[BlackTeam "Ejea"]

1. Nf3 d5 2. c4 e6 3. b3 Nf6 4. Bb2 Be7 5. g3 O-O 6. Bg2 c6 7. O-O Nbd7 8. d4
b6 9. Nc3 Bb7 10. Re1 dxc4 11. bxc4 c5 12. d5 exd5 13. cxd5 Bd6 14. e4 Ne5 15.
Nb5 Nfg4 16. Nxd6 Qxd6 17. Nxe5 Nxe5 18. f4 Nc4 19. Bc3 b5 20. Qg4 f6 21. e5 f5
22. Qxg7+ Kxg7 23. exd6+ Kg8 24. d7 Rad8 25. Re7 Rf7 26. Rae1 Rxd7 1/2-1/2

[Event "Cto de Aragon por Equipos Preferente"]
[Site "?"]
[Date "2020.02.01"]
[Round "2.64"]
[White "Llanes Luno, Ricardo"]
[Black "Cebrian Valverde, Jose Antonio"]
[Result "1-0"]
[WhiteElo "2236"]
[BlackElo "2101"]
[PlyCount "85"]
[EventDate "2020.??.??"]
[WhiteTeam "Delicias"]
[BlackTeam "San Jose"]

1. e4 e6 2. f4 d5 3. e5 Nh6 4. Nf3 Nf5 5. c3 c5 6. Na3 Nc6 7. Nc2 Bd7 8. d4 Rc8
9. Bd3 g6 10. O-O h5 11. Bxf5 gxf5 12. Be3 b6 13. Qe2 Na5 14. b3 Qc7 15. Ng5
Qb7 16. Rf3 a6 17. Rh3 Bb5 18. Qd1 cxd4 19. Bxd4 Nc6 20. Rxh5 Rxh5 21. Qxh5 Bd3
22. Ne1 Nxd4 23. cxd4 Be4 24. Nxe6 Rc6 25. Ng5 Rh6 26. Qe2 Qc8 27. Qd1 Ba3 28.
Nxe4 fxe4 29. Nc2 Bb2 30. Rb1 Qc3 31. Qe2 Rc6 32. Ne3 Bc1 33. Nf5 Bxf4 34. Rf1
Qd2 35. Qxa6 Be3+ 36. Kh1 Rc1 37. Qa8+ Kd7 38. Qxd5+ Kc7 39. Qxf7+ Kb8 40. Nd6
Rxf1+ 41. Qxf1 Bxd4 42. Qf8+ Ka7 43. Qf7+ 1-0

[Event "Cto de Aragon por Equipos Preferente"]
[Site "?"]
[Date "2020.02.01"]
[Round "2.65"]
[White "Gutierrez Mingueza, Ruben"]
[Black "Lamas Mercadal, Manuel"]
[Result "0-1"]
[WhiteElo "2041"]
[BlackElo "2117"]
[PlyCount "120"]
[EventDate "2020.??.??"]
[WhiteTeam "San Jose"]
[BlackTeam "Delicias"]

1. c4 e5 2. d3 Nc6 3. Nf3 Bc5 4. a3 a6 5. b4 Ba7 6. Bb2 d6 7. e3 Nf6 8. Be2 O-O
9. O-O Bg4 10. Nbd2 Re8 11. Re1 Qe7 12. Rc1 h6 13. Qc2 Rad8 14. Nb3 Bf5 15.
Red1 e4 16. Nfd4 Nxd4 17. Nxd4 Bxd4 18. Bxd4 exd3 19. Bxd3 Bxd3 20. Rxd3 Ne4
21. f3 Ng5 22. e4 Ne6 23. Be3 Qf6 24. Qd2 Qg6 25. Rd5 Rf8 26. Qc2 Qf6 27. Rcd1
Qe7 28. Qd2 Qh4 29. Qf2 Qxf2+ 30. Kxf2 Rfe8 31. f4 Kf8 32. f5 Ng5 33. Bxg5 hxg5
34. e5 Ke7 35. exd6+ cxd6 36. g4 Rc8 37. R1d4 Rc6 38. Re4+ Kd7 39. Rxe8 Kxe8
40. Rd4 Ke7 41. Ke3 Rc8 42. Re4+ Kd7 43. Kd4 Rh8 44. Re2 Rh3 45. a4 Ra3 46. h4
gxh4 47. Rh2 h3 48. b5 Rg3 49. Kd5 Rxg4 50. Rxh3 Rg5 51. Ke4 Rg4+ 52. Kd5 Rf4
53. Rh5 f6 54. a5 axb5 55. cxb5 Rb4 56. Rh7 Rxb5+ 57. Ke4 Re5+ 58. Kf4 Re7 59.
Rh1 d5 60. Rb1 Kd6 0-1

[Event "Cto de Aragon por Equipos Preferente"]
[Site "?"]
[Date "2020.02.01"]
[Round "2.66"]
[White "Roche Simon, Manuel Angel"]
[Black "Ferreruela Romero, Jose Joaquin"]
[Result "1/2-1/2"]
[WhiteElo "2030"]
[BlackElo "2034"]
[PlyCount "95"]
[EventDate "2020.??.??"]
[WhiteTeam "Delicias"]
[BlackTeam "San Jose"]

1. e4 d6 2. d4 Nf6 3. Nc3 e5 4. Nf3 Nbd7 5. Bc4 Be7 6. O-O O-O 7. Re1 c6 8. Bb3
b5 9. d5 b4 10. dxc6 bxc3 11. cxd7 Bb7 12. Qd3 cxb2 13. Bxb2 Qxd7 14. Rad1 Qc6
15. Nd2 Rac8 16. Qe3 Bd8 17. Nc4 Nxe4 18. f3 Qa6 19. Qe2 Bb6+ 20. Nxb6 Qxb6+
21. Qe3 Nc5 22. Ba3 Rfd8 23. Kh1 Nxb3 24. Qxb6 axb6 25. cxb3 f6 26. Rxd6 Rxd6
27. Bxd6 Rc2 28. Kg1 Kf7 29. a4 Bd5 30. b4 g5 31. a5 g4 32. axb6 gxf3 33. gxf3
Ke6 34. Bc5 Bxf3 35. Re3 Rg2+ 36. Kf1 Bb7 37. Rg3 Rxg3 38. hxg3 f5 39. Kf2 Kf6
40. Be3 Kg6 41. Bd2 Kh5 42. Bc3 e4 43. Ke3 Kg4 44. Be5 h5 45. Bc7 Bc6 46. Bd6
Bd5 47. Be5 Bb7 48. Bd6 1/2-1/2

[Event "Cto de Aragon por Equipos Preferente"]
[Site "?"]
[Date "2020.02.01"]
[Round "2.67"]
[White "Palomar Ramon, Santiago"]
[Black "Fabre Perez, Jose Maria"]
[Result "0-1"]
[WhiteElo "1974"]
[BlackElo "2026"]
[PlyCount "72"]
[EventDate "2020.??.??"]
[WhiteTeam "San Jose"]
[BlackTeam "Delicias"]

1. e4 c5 2. Nf3 Nc6 3. d4 cxd4 4. Nxd4 g6 5. Nc3 Bg7 6. Be3 Nf6 7. Bc4 Qa5 8.
O-O O-O 9. Nb3 Qd8 10. Be2 a5 11. Nd5 Nxd5 12. exd5 Nb4 13. c3 Na6 14. a4 b6
15. d6 e5 16. Bf3 Rb8 17. Qd2 f5 18. Bd5+ Kh8 19. Bg5 Bf6 20. Bh6 Bg7 21. Bg5
Bf6 22. Bh6 Bg7 23. Rad1 Bxh6 24. Qxh6 Qf6 25. Rd3 Nc5 26. Rh3 Qg7 27. Qh4 Ba6
28. Re1 Nd3 29. Ree3 Nf4 30. Qxf4 exf4 31. Re7 Rbe8 32. Bf7 Rxe7 33. dxe7 Qxf7
34. exf8=Q+ Qxf8 35. Nd4 Qe7 36. g3 Qe1+ 0-1

[Event "Cto de Aragon por Equipos Preferente"]
[Site "?"]
[Date "2020.02.01"]
[Round "2.68"]
[White "Flores Samperiz, Jorge"]
[Black "Moya Gimeno, Raul"]
[Result "0-1"]
[WhiteElo "1976"]
[BlackElo "1851"]
[PlyCount "82"]
[EventDate "2020.??.??"]
[WhiteTeam "Helios B"]
[BlackTeam "Marcos Frechin B"]

1. d4 Nf6 2. c4 g6 3. Nc3 Bg7 4. e4 d6 5. f3 O-O 6. Be3 e5 7. d5 a5 8. Bd3 Na6
9. a3 Bd7 10. Nge2 Nc5 11. Bc2 Nh5 12. Qd2 a4 13. Bxc5 dxc5 14. O-O-O Qe8 15.
Bd3 Nf4 16. Nxf4 exf4 17. g4 Qe5 18. h4 c6 19. Rh2 b5 20. dxc6 b4 21. cxd7 bxc3
22. Qxc3 Qe6 23. e5 Bxe5 24. Be4 Qf6 25. Qd3 Rab8 26. Rdd2 Bd4 27. g5 Qd6 28.
h5 Qxd7 29. hxg6 fxg6 30. Bd5+ Kg7 31. Rde2 Rfe8 32. Rxe8 Qxe8 33. Qe4 Qf8 34.
Qe6 Re8 35. Qd7+ Re7 36. Qxa4 Qf5 37. Qa8 Be3+ 38. Kd1 Qb1+ 39. Ke2 Qc2+ 40.
Kf1 Qd1+ 41. Kg2 Qg1+ 0-1

[Event "Cto de Aragon por Equipos Preferente"]
[Site "?"]
[Date "2020.02.01"]
[Round "2.69"]
[White "Farinas Argudo, Adrian"]
[Black "Anson Casaos, Alejandro"]
[Result "0-1"]
[WhiteElo "1700"]
[BlackElo "1826"]
[PlyCount "60"]
[EventDate "2020.??.??"]
[WhiteTeam "Marcos Frechin B"]
[BlackTeam "Helios B"]

1. d4 Nf6 2. c4 c5 3. Nf3 e6 4. Nc3 d5 5. Bg5 Be7 6. e3 Nc6 7. dxc5 O-O 8. cxd5
exd5 9. a3 Bg4 10. Bxf6 Bxf6 11. Nxd5 Bxb2 12. Ra2 Bxf3 13. gxf3 Be5 14. f4 Bc7
15. Nxc7 Qxc7 16. Qd2 Rfe8 17. Be2 Ne7 18. Qc3 Nd5 19. Qd4 Rad8 20. Rg1 g6 21.
Qc4 Qa5+ 22. Kf1 Rxe3 23. Rg5 Rc3 24. Qd4 Ne3+ 25. fxe3 Rxd4 26. exd4 Rc1+ 27.
Kf2 Qe1+ 28. Kf3 Rc3+ 29. Kg2 Qb1 30. Rd2 Qe4+ 0-1

[Event "Cto de Aragon por Equipos Preferente"]
[Site "?"]
[Date "2020.02.01"]
[Round "2.70"]
[White "Lacamara Pasamar, Miguel"]
[Black "Alas Sebastian, Yasmina"]
[Result "0-1"]
[WhiteElo "1720"]
[BlackElo "1663"]
[PlyCount "136"]
[EventDate "2020.??.??"]
[WhiteTeam "Helios B"]
[BlackTeam "Marcos Frechin B"]

1. e4 c5 2. d4 cxd4 3. c3 d3 4. Bxd3 Nc6 5. c4 Nf6 6. Nc3 g6 7. Nf3 Bg7 8. O-O
O-O 9. a3 a5 10. Qe2 d6 11. Rd1 Bg4 12. Qe3 Bxf3 13. Qxf3 Ne5 14. Qe2 Nxd3 15.
Rxd3 Qc7 16. Nd5 Nxd5 17. cxd5 Rac8 18. Be3 Qc4 19. Bg5 e6 20. Rad1 exd5 21.
exd5 Rfe8 22. Qd2 Qa4 23. Qf4 Qc2 24. Qd2 Bxb2 25. g3 Qxd2 26. Bxd2 b6 27. Be3
Re4 28. Rb1 Rc2 29. Rb3 Bd4 30. Bxd4 Rxd4 31. Rxb6 Rxd5 32. R6b5 Rxb5 33. Rxb5
Rc5 34. a4 Kf8 35. Rb7 Rc4 36. Kf1 Rxa4 37. Ke2 Re4+ 38. Kd3 Re7 39. Rb8+ Re8
40. Rb7 Ra8 41. Kc3 Kg7 42. Rb6 d5 43. Kd4 a4 44. Kxd5 a3 45. Rb1 a2 46. Ra1
Kf6 47. Ke4 Ke6 48. f4 Ra4+ 49. Ke3 Kd5 50. Kd3 f5 51. Kc2 Ke4 52. Kb2 Kf3 53.
h4 Kxg3 54. h5 gxh5 55. Rg1+ Kxf4 56. Ka1 Ra3 57. Rg7 Ra4 58. Rxh7 Kg4 59. Rg7+
Kh3 60. Rg5 f4 61. Rxh5+ Kg3 62. Rg5+ Kf3 63. Rg8 Ke3 64. Rg4 Ra3 65. Rg8 f3
66. Re8+ Kf2 67. Rh8 Ke2 68. Rh3 Re3 0-1

[Event "Cto de Aragon por Equipos D. Honor"]
[Site "?"]
[Date "2020.02.08"]
[Round "3.1"]
[White "Garza Marco, Sergio"]
[Black "Gines Esteo, Pedro Antonio"]
[Result "1/2-1/2"]
[WhiteElo "2402"]
[BlackElo "2482"]
[PlyCount "49"]
[EventDate "2020.01.25"]
[WhiteTeam "Helios"]
[BlackTeam "Jaime Casas"]

1. d4 d5 2. c4 c6 3. Nf3 Nf6 4. Qb3 dxc4 5. Qxc4 Bg4 6. Nbd2 Nbd7 7. g3 e6 8.
Bg2 Be7 9. O-O O-O 10. Qb3 Qb6 11. Nc4 Qa6 12. Bg5 Rad8 13. e3 h6 14. Bxf6 Bxf6
15. Rfc1 Bxf3 16. Bxf3 e5 17. Rd1 exd4 18. exd4 Nb6 19. Nxb6 Qxb6 20. d5 c5 21.
Rd2 Rfe8 22. Qxb6 axb6 23. Kf1 Kf8 24. a4 Bd4 25. Ra3 1/2-1/2

[Event "Cto de Aragon por Equipos D. Honor"]
[Site "?"]
[Date "2020.02.08"]
[Round "3.2"]
[White "Ramiro Ovejero, Juan Luis"]
[Black "Calvo Simon, Jorge"]
[Result "1-0"]
[WhiteElo "2348"]
[BlackElo "2213"]
[PlyCount "107"]
[EventDate "2020.01.25"]
[WhiteTeam "Jaime Casas"]
[BlackTeam "Helios"]

1. e4 c5 2. c3 Nf6 3. e5 Nd5 4. Bc4 Nb6 5. Bb3 Nc6 6. Nf3 e6 7. d4 cxd4 8. cxd4
d6 9. Bg5 Be7 10. Bxe7 Qxe7 11. O-O O-O 12. Nc3 Rd8 13. Qe2 Na5 14. Bc2 Bd7 15.
Qe4 g6 16. exd6 Qf8 17. Qh4 Bc6 18. Ng5 Qg7 19. Nge4 Nac4 20. a4 Nxd6 21. a5
Bxe4 22. Bxe4 Nbc4 23. a6 Nxe4 24. axb7 Nxc3 25. bxa8=Q Ne2+ 26. Kh1 Rxa8 27.
Qe4 Nb6 28. Qxe2 Qxd4 29. Ra6 Qf6 30. g3 Qf5 31. h4 Nd5 32. Kg2 Nb4 33. Ra4 Nd5
34. Rfa1 Rc8 35. Rc4 Ne3+ 36. Qxe3 Rxc4 37. Rxa7 Qd5+ 38. Qf3 Qxf3+ 39. Kxf3
Rb4 40. Ra2 Rb3+ 41. Ke4 Kg7 42. Kd4 Kf6 43. Kc4 Rb7 44. b4 Kf5 45. b5 Ke4 46.
Kc5 e5 47. Kc6 Rb8 48. b6 f5 49. Kc7 Rf8 50. b7 Rf7+ 51. Kc6 Rxb7 52. Kxb7 f4
53. Ra3 fxg3 54. Rxg3 1-0

[Event "Cto de Aragon por Equipos D. Honor"]
[Site "?"]
[Date "2020.02.08"]
[Round "3.3"]
[White "Guzman Moneo, Alberto"]
[Black "Fontana Sotomayor, Luis Javier"]
[Result "1-0"]
[WhiteElo "2175"]
[BlackElo "2264"]
[PlyCount "99"]
[EventDate "2020.01.25"]
[WhiteTeam "Helios"]
[BlackTeam "Jaime Casas"]

1. Nf3 f5 2. d3 Nf6 3. e4 fxe4 4. dxe4 Nxe4 5. Bd3 Nf6 6. Ng5 g6 7. Nxh7 Rxh7
8. Bxg6+ Rf7 9. g4 d5 10. g5 Ng4 11. f4 Qd6 12. Bxf7+ Kxf7 13. O-O Bf5 14. Nc3
Qc5+ 15. Kg2 d4 16. Ne2 Bg7 17. c3 Nc6 18. Qb3+ Kg6 19. h3 Na5 20. Qb4 Qd5+ 21.
Kg3 Ne3 22. Bxe3 Nc6 23. Qb3 Qxb3 24. axb3 dxe3 25. b4 Bd3 26. Kf3 Rh8 27. Rh1
e5 28. fxe5 Nxe5+ 29. Kxe3 Kxg5 30. Rhg1+ Kh6 31. Nf4 Ba6 32. Ne6 Bf6 33. Nxc7
Bc4 34. Rxa7 Rd8 35. Rxb7 Rd3+ 36. Ke4 Nf3 37. Rg4 Bg5 38. Rb6+ Kh5 39. Kf5 Re3
40. Rxg5+ Nxg5 41. Rc6 Bd3+ 42. Kf6 Nh7+ 43. Kf7 Bc4+ 44. Rxc4 Ng5+ 45. Kf6
Ne4+ 46. Rxe4 Rxe4 47. Nd5 Rc4 48. b3 Rc6+ 49. Ke5 Kg5 50. b5 1-0

[Event "Cto de Aragon por Equipos D. Honor"]
[Site "?"]
[Date "2020.02.08"]
[Round "3.4"]
[White "Eizaguerri Floris, Maria"]
[Black "Cerrajeria Ruiz, Jesus Maria"]
[Result "1-0"]
[WhiteElo "2014"]
[BlackElo "2158"]
[PlyCount "101"]
[EventDate "2020.01.25"]
[WhiteTeam "Jaime Casas"]
[BlackTeam "Helios"]

1. e4 c5 2. Nf3 g6 3. d4 cxd4 4. Nxd4 Nf6 5. Nc3 Nc6 6. Be3 Bg7 7. Be2 d5 8.
exd5 Nxd5 9. Nxd5 Qxd5 10. Nxc6 Qxc6 11. c3 O-O 12. O-O Be6 13. Bf3 Qb5 14. Qc2
a5 15. a4 Qc4 16. Rfd1 Rac8 17. Bb6 Bf5 18. Qe2 Qb3 19. Bxa5 Rc5 20. Ra3 Qxa3
21. bxa3 Rxa5 22. Qxe7 Bxc3 23. Rd8 Rxd8 24. Qxd8+ Kg7 25. Qc7 Bd2 26. Qxb7 Rc5
27. g4 Be6 28. h3 Bf4 29. Qb2+ Be5 30. Qd2 h6 31. Qe3 Ra5 32. Bc6 g5 33. Bb5
Kf6 34. Qf3+ Kg7 35. Qe4 Bf6 36. Qb7 Bd4 37. Qc7 Ra7 38. Qd8 Be5 39. a5 Rc7 40.
a6 f6 41. Qd3 Rc5 42. a7 Bd5 43. Ba4 Rc1+ 44. Bd1 Bc6 45. Kf1 Rc5 46. Qd8 Rc1
47. f3 Bxf3 48. Kf2 Be4 49. Be2 Rc3 50. a8=Q Bg3+ 51. Kg1 1-0

[Event "Cto de Aragon por Equipos D. Honor"]
[Site "?"]
[Date "2020.02.08"]
[Round "3.5"]
[White "Adla, Diego"]
[Black "Lana Rodriguez, David"]
[Result "0-1"]
[WhiteElo "2440"]
[BlackElo "2301"]
[PlyCount "150"]
[EventDate "2020.01.25"]
[WhiteTeam "St. Casablanca A"]
[BlackTeam "Agrupacion A"]

1. c4 c6 2. Nf3 d5 3. e3 Nf6 4. Nc3 e6 5. b3 Bd6 6. Bb2 O-O 7. Qc2 Na6 8. a3 e5
9. cxd5 cxd5 10. Nb5 Re8 11. h3 Bb8 12. Be2 Bd7 13. O-O Qb6 14. a4 Nb4 15. Qc3
a5 16. Qc1 Ne4 17. d3 Nc5 18. Qc3 Bxb5 19. axb5 Qxb5 20. Rfc1 Nd7 21. Ba3 Bd6
22. Bxb4 axb4 23. Rxa8 Rxa8 24. Qb2 Qa5 25. d4 e4 26. Ne5 Bxe5 27. dxe5 Qa3 28.
Qc2 g6 29. f4 Nb6 30. Qd1 d4 31. e6 fxe6 32. Bg4 Re8 33. Rc5 d3 34. Re5 Qb2 35.
Rxe4 Rd8 36. Bxe6+ Kh8 37. Bg4 Qc3 38. f5 gxf5 39. Bxf5 Ra8 40. Qh5 Qc1+ 41.
Kh2 Qc7+ 42. Rf4 d2 43. Bxh7 Qxh7 44. Qe5+ Qg7 45. Qh5+ Qh7 46. Qe5+ Qg7 47.
Rh4+ Kg8 48. Qe6+ Qf7 49. Rg4+ Kf8 50. Qd6+ Qe7 51. Rf4+ Ke8 52. Qg6+ Kd7 53.
Rd4+ Kc7 54. Qg3+ Kc6 55. Qf3+ Kc7 56. Qg3+ Kc8 57. Qg8+ Kc7 58. Qg3+ Kc6 59.
Qf3+ Kb5 60. Qf5+ Qc5 61. Qd3+ Ka5 62. Qxd2 Re8 63. Qa2+ Kb5 64. Qe2+ Ka5 65.
Qa2+ Kb5 66. Qe2+ Kc6 67. Qf3+ Kc7 68. Qf4+ Qe5 69. Rxb4 Nd5 70. Rc4+ Kd6 71.
Qxe5+ Rxe5 72. e4 Nf6 73. g4 Rxe4 74. Rc2 Re3 75. g5 Nh5 0-1

[Event "Cto de Aragon por Equipos D. Honor"]
[Site "?"]
[Date "2020.02.08"]
[Round "3.6"]
[White "Remiro Juste, Fernando Jose"]
[Black "Glavina, Pablo"]
[Result "1/2-1/2"]
[WhiteElo "2194"]
[BlackElo "2405"]
[PlyCount "61"]
[EventDate "2020.01.25"]
[WhiteTeam "Agrupacion A"]
[BlackTeam "St. Casablanca A"]

1. d4 Nf6 2. Nf3 d5 3. e3 c5 4. dxc5 Qa5+ 5. Nbd2 g6 6. a3 Qxc5 7. b4 Qc7 8.
Bb2 Bg7 9. c4 O-O 10. Rc1 Qd8 11. cxd5 Nxd5 12. Bxg7 Kxg7 13. Bc4 Nb6 14. O-O
Nxc4 15. Nxc4 Be6 16. Qd4+ Qxd4 17. Nxd4 Bd5 18. Rfd1 e6 19. Ne5 Nc6 20. Ndxc6
bxc6 21. f3 a5 22. e4 Bb3 23. Rd3 Ba4 24. Nxc6 Bxc6 25. Rxc6 axb4 26. axb4 Ra2
27. Rcc3 Rb8 28. Rb3 Rc8 29. Rdc3 Rd8 30. Rd3 Rc8 31. Rdc3 1/2-1/2

[Event "Cto de Aragon por Equipos D. Honor"]
[Site "?"]
[Date "2020.02.08"]
[Round "3.7"]
[White "Quintin Navarro, Alberto"]
[Black "Moreno Martin-Viveros, Alvaro"]
[Result "1/2-1/2"]
[WhiteElo "2378"]
[BlackElo "2160"]
[PlyCount "101"]
[EventDate "2020.01.25"]
[WhiteTeam "St. Casablanca A"]
[BlackTeam "Agrupacion A"]

1. Nf3 c5 2. b3 d5 3. e3 Nf6 4. Bb2 e6 5. g3 Bd6 6. Bg2 Nc6 7. O-O O-O 8. c4 b6
9. Nc3 Ba6 10. d3 Rc8 11. Qe2 dxc4 12. bxc4 Qe7 13. Nd2 Rfd8 14. f4 Qd7 15. Nf3
Bb8 16. Rad1 Qe7 17. a3 Bb7 18. Ba1 Na5 19. h3 Bc6 20. g4 Ne8 21. Bb2 a6 22.
Ng5 Bxg2 23. Qxg2 Qb7 24. Nce4 b5 25. Bc3 b4 26. axb4 cxb4 27. Bd4 h6 28. Nf3
Ba7 29. g5 h5 30. Kh2 g6 31. Bxa7 Qxa7 32. c5 Nc6 33. d4 a5 34. Ne5 Nxe5 35.
fxe5 a4 36. Qb2 Qb7 37. Rf4 b3 38. Rdf1 Rc7 39. Ra1 Qb4 40. d5 Qb5 41. d6 Ra7
42. Kg3 a3 43. Rxa3 Rxa3 44. Qxa3 b2 45. Nd2 b1=Q 46. Nxb1 Qxb1 47. Qa5 Qg1+
48. Kf3 Qf1+ 49. Kg3 Qg1+ 50. Kf3 Qf1+ 51. Kg3 1/2-1/2

[Event "Cto de Aragon por Equipos D. Honor"]
[Site "?"]
[Date "2020.02.08"]
[Round "3.8"]
[White "Lacruz Algarate, Alvaro"]
[Black "Vela Frago, Alberto"]
[Result "0-1"]
[WhiteElo "2121"]
[BlackElo "2040"]
[PlyCount "78"]
[EventDate "2020.01.25"]
[WhiteTeam "Agrupacion A"]
[BlackTeam "St. Casablanca A"]

1. e4 e5 2. Nf3 Nc6 3. Bc4 Nf6 4. d3 Bc5 5. Be3 Bxe3 6. fxe3 O-O 7. Nbd2 d5 8.
exd5 Nxd5 9. Qe2 Be6 10. O-O f6 11. a3 Qd7 12. Rae1 Rad8 13. Qf2 a6 14. Ne4 Bf7
15. Qg3 Kh8 16. Nh4 Nde7 17. Nc5 Qc8 18. Bxf7 Rxf7 19. Qf3 f5 20. Qg3 b6 21.
Ne4 Rdf8 22. Nc3 Qe6 23. Nf3 h6 24. d4 e4 25. Nd2 g5 26. Ne2 b5 27. b3 b4 28.
axb4 Nxb4 29. c4 Nd3 30. Ra1 f4 31. exf4 gxf4 32. Qh4 Nf5 33. Qh3 f3 34. gxf3
exf3 35. Qxf3 Rg8+ 36. Kh1 Ng3+ 37. Nxg3 Rxf3 38. Rxf3 Ne1 39. Rf1 Nc2 0-1

[Event "Cto de Aragon por Equipos D. Honor"]
[Site "?"]
[Date "2020.02.08"]
[Round "3.9"]
[White "Palacios Herrero, Pablo"]
[Black "Accattato Martin, Mario"]
[Result "1-0"]
[WhiteElo "2221"]
[BlackElo "2223"]
[PlyCount "109"]
[EventDate "2020.01.25"]
[WhiteTeam "Palacio De Pioneros A"]
[BlackTeam "Monzon"]

1. e4 c6 2. d4 d5 3. Nd2 dxe4 4. Nxe4 Bf5 5. Ng3 Bg6 6. h4 h6 7. Nf3 Nd7 8. h5
Bh7 9. Bd3 Bxd3 10. Qxd3 e6 11. Bd2 Be7 12. O-O-O Ngf6 13. Kb1 Qb6 14. Rhe1 a5
15. c4 a4 16. Nh4 a3 17. b3 O-O-O 18. Nf3 Bb4 19. c5 Nxc5 20. dxc5 Bxc5 21. Qc2
Bxf2 22. Ne4 Bxe1 23. Rxe1 Rd5 24. Bc3 Nxe4 25. Qxe4 Rhd8 26. Qa4 Qb5 27. Qa8+
Kc7 28. Qxa3 Rd1+ 29. Kb2 Rxe1 30. Nxe1 c5 31. Bxg7 Rd6 32. Bf8 Rc6 33. Nc2 c4
34. Qe7+ Kb8 35. Qd8+ Ka7 36. Qd4+ Ka8 37. Bxh6 c3+ 38. Kb1 Rc8 39. g4 f5 40.
gxf5 exf5 41. Bc1 Qf1 42. Qa4+ Kb8 43. Qf4+ Qxf4 44. Bxf4+ Ka8 45. Ne3 b5 46.
Kc2 b4 47. Nd5 Rg8 48. Nxb4 Rg4 49. Nd5 Rg2+ 50. Kxc3 Rxa2 51. h6 Ra1 52. Kd4
Kb7 53. Ke5 Kc6 54. h7 Rh1 55. Nf6 1-0

[Event "Cto de Aragon por Equipos D. Honor"]
[Site "?"]
[Date "2020.02.08"]
[Round "3.10"]
[White "Arrieta Restrepo, Steven"]
[Black "Romero Pallares, Daniel"]
[Result "1/2-1/2"]
[WhiteElo "2051"]
[BlackElo "2184"]
[PlyCount "98"]
[EventDate "2020.01.25"]
[WhiteTeam "Monzon"]
[BlackTeam "Palacio De Pioneros A"]

1. e4 g6 2. d4 Bg7 3. Nc3 c6 4. Bc4 d6 5. Nf3 Nf6 6. Bb3 Bg4 7. O-O Nbd7 8. h3
Bxf3 9. Qxf3 O-O 10. Be3 e5 11. dxe5 dxe5 12. a4 a5 13. Rfd1 Qe7 14. Qe2 Nc5
15. Qc4 Ne6 16. Ne2 Nh5 17. c3 Bf6 18. f3 Bg5 19. Bf2 Bh6 20. Qd3 Rad8 21. Qc2
Nef4 22. Nxf4 Nxf4 23. Bb6 Rxd1+ 24. Rxd1 Qg5 25. Kh2 Nh5 26. Bf2 Rd8 27. g3
Bf8 28. Rxd8 Qxd8 29. Qd1 Qc7 30. Qd3 Ng7 31. Be3 h5 32. h4 Bd6 33. Kg2 Qe7 34.
Bg5 Qf8 35. Qd2 Ne8 36. Bd8 Kg7 37. Bxa5 Qe7 38. Bb4 Bxb4 39. cxb4 Nc7 40. Qc3
Kg8 41. Bc4 Qd6 42. b3 Ne6 43. Bxe6 Qxe6 44. Qd3 Qe7 45. b5 Qc5 46. bxc6 Qxc6
47. Qc4 Qd7 48. Qd5 Qc7 49. Qc4 Qd7 1/2-1/2

[Event "Cto de Aragon por Equipos D. Honor"]
[Site "?"]
[Date "2020.02.08"]
[Round "3.11"]
[White "Baquedano Coarasa, Pablo"]
[Black "Barranco Mananet, Fernando"]
[Result "1/2-1/2"]
[WhiteElo "2163"]
[BlackElo "2034"]
[PlyCount "90"]
[EventDate "2020.01.25"]
[WhiteTeam "Palacio De Pioneros A"]
[BlackTeam "Monzon"]

1. d4 Nf6 2. c4 e6 3. Nc3 Bb4 4. e3 b6 5. Nge2 c5 6. a3 Ba5 7. Bd2 O-O 8. Rb1
Na6 9. d5 d6 10. Ng3 Qe7 11. Be2 exd5 12. cxd5 Bxc3 13. Bxc3 Ne4 14. Nxe4 Qxe4
15. O-O Nc7 16. Bf3 Qg6 17. e4 f6 18. Re1 Nb5 19. Bd2 Qf7 20. Be3 Bd7 21. a4
Nc7 22. Bf4 Rfd8 23. b3 Qf8 24. Qd2 Na6 25. h4 Nb4 26. Rbc1 Re8 27. Rcd1 Rad8
28. Bh5 g6 29. Bf3 Bc8 30. Qc3 Ba6 31. Bc1 Na2 32. Qb2 Nxc1 33. Qxc1 Bc8 34.
Qf4 Re5 35. Re3 g5 36. hxg5 fxg5 37. Qg3 Qf4 38. Qxf4 gxf4 39. Rc3 a5 40. g3
fxg3 41. fxg3 Kg7 42. Kg2 Rf8 43. Rh1 h6 44. Rh4 Rf6 45. Bg4 Bb7 1/2-1/2

[Event "Cto de Aragon por Equipos D. Honor"]
[Site "?"]
[Date "2020.02.08"]
[Round "3.12"]
[White "Rodriguez Aranda, Kevin"]
[Black "Dan, Teodor"]
[Result "1/2-1/2"]
[WhiteElo "1738"]
[BlackElo "2094"]
[PlyCount "54"]
[EventDate "2020.01.25"]
[WhiteTeam "Monzon"]
[BlackTeam "Palacio De Pioneros A"]

1. e4 c5 2. Nf3 d6 3. d4 cxd4 4. Nxd4 Nf6 5. Nc3 a6 6. Bg5 e6 7. Qd2 Nbd7 8.
Be2 b5 9. a3 Bb7 10. f3 Be7 11. O-O-O O-O 12. h4 d5 13. exd5 Nxd5 14. Nxd5 Bxd5
15. Nf5 exf5 16. Bxe7 Qxe7 17. Qxd5 Nb6 18. Qd4 Na4 19. Bd3 Rfd8 20. Rhe1 Qc7
21. Qe5 Qxe5 22. Rxe5 g6 23. Rde1 Rac8 24. h5 Nc5 25. Bf1 Nb3+ 26. Kb1 Nd2+ 27.
Kc1 Nb3+ 1/2-1/2